Southville International School and Colleges
Your cart is empty.
  • Cart
  • Lists
    Public lists Eva Luna New books Lux_list list_1
    Your lists Log in to create your own lists
  • Log in to your account
  • Your cookies
  • Search history
Southville International School and Colleges
  • Advanced search
  • Recent comments
  • Most popular
  • Libraries

Log in to your account

Log in with GOOGLE


If you do not have an external account, but do have a local account, you can still log in:

  1. Home
  2. MARC view: Sa mga kuko ng liwanag /
Normal view MARC view ISBD view

Sa mga kuko ng liwanag / (Record no. 293612)

[ view plain ]
MARC details
000 -LEADER
fixed length control field 00658nam a2200241Ia 4500
008 - FIXED-LENGTH DATA ELEMENTS--GENERAL INFORMATION
fixed length control field 160418s9999 xx 000 0 und d
020 ## - INTERNATIONAL STANDARD BOOK NUMBER
International Standard Book Number 978971-584-617-2
050 ## - LIBRARY OF CONGRESS CALL NUMBER
Classification number FIL PL 5548.4
050 ## - LIBRARY OF CONGRESS CALL NUMBER
Item number .R49 2007
100 ## - MAIN ENTRY--PERSONAL NAME
Personal name Reyes, Edgardo M.
245 ## - TITLE STATEMENT
Title Sa mga kuko ng liwanag /
245 ## - TITLE STATEMENT
Statement of responsibility, etc Edgardo M. Reyes.
250 ## - EDITION STATEMENT
Edition statement 2nd Edition
260 ## - PUBLICATION, DISTRIBUTION, ETC. (IMPRINT)
Place of publication, distribution, etc Quezon City:
260 ## - PUBLICATION, DISTRIBUTION, ETC. (IMPRINT)
Name of publisher, distributor, etc C & E Pub. Inc.,
260 ## - PUBLICATION, DISTRIBUTION, ETC. (IMPRINT)
Date of publication, distribution, etc 2007
300 ## - PHYSICAL DESCRIPTION
Extent 165 pages :
300 ## - PHYSICAL DESCRIPTION
Other physical details illustrations ;
300 ## - PHYSICAL DESCRIPTION
Dimensions 18 cm.
650 ## - SUBJECT ADDED ENTRY--TOPICAL TERM
Topical term or geographic name as entry element Philippine fiction (Tagalog).
650 ## - SUBJECT ADDED ENTRY--TOPICAL TERM
Topical term or geographic name as entry element Reyes, Edgado M. -- Criticism and interpretation.
650 ## - SUBJECT ADDED ENTRY--TOPICAL TERM
General subdivision Short stories, Philipines.
Holdings
Withdrawn status Lost status Damaged status Home library Current library Shelving location Date acquired Total Checkouts Full call number Barcode Date last seen Price effective from Koha item type
      South Mansfield College South Mansfield College Filipiniana Section 11/16/2012   FIL PL 5548.4 .R49 2007 SMC05781 04/18/2016 04/18/2016  

Sa mga kuko ng liwanag /

APA

Reyes E. M., .Sa mga kuko ng liwanag. Quezon City: .

Chicago

Reyes Edgardo M, .Sa mga kuko ng liwanag. Quezon City: .

Harvard

Reyes E. M., .Sa mga kuko ng liwanag. Quezon City: .

MLA

Reyes Edgardo M, .Quezon City: . .

  • Place hold
  • Print
  • Cite
  • Add to your cart (remove)
  • Save record
    BIBTEX Dublin Core MARCXML MARC (non-Unicode/MARC-8) MARC (Unicode/UTF-8) MARC (Unicode/UTF-8, Standard) MODS (XML) RIS
  • More searches
    Search for this title in:
    Other Libraries (WorldCat) Other Databases (Google Scholar) Online Stores (Bookfinder.com) Open Library (openlibrary.org)

Exporting to Dublin Core...

SOUTHVILLE LIBRARY

Southville International School and Colleges Library

1281 Tropical Ave. Cor. Luxembourg St., BF Homes International, Las Pinas City

Tel. No. 8256374 / 252358 Loc. 117/146

Powered by Koha